| 000 | 00646nam a22002057a 4500 | ||
|---|---|---|---|
| 003 | OSt | ||
| 005 | 20130619113044.0 | ||
| 008 | 130619s1992 xxu||||| |||| 00| 0 eng d | ||
| 020 | _a0943875404 | ||
| 040 | _cCDMR | ||
| 100 | 1 |
_93839 _aFialka, John, J. |
|
| 245 | 1 | 0 |
_aHotel warriors _b: covering the Gulf War _cJohn J. Fialka |
| 260 |
_aWashington _bWoodrow Wilson Center Press |
||
| 260 |
_aBaltimore _bJohns Hopkins Univeristy Press _c1992 |
||
| 300 | _a78 p. | ||
| 490 | 0 | _aWoodrow Wilson Center special series | |
| 650 | 0 | 4 |
_93585 _aGuerra del Golf Pèrsic, 1991 |
| 650 | 0 | 4 |
_93678 _aCorresponsals de guerra _vRelats personals |
| 942 |
_2udc _cMON |
||
| 999 |
_c6497 _d6497 |
||